| 000 | 00387nam a2200109Ia 4500 | ||
|---|---|---|---|
| 008 | 220216s9999 xx 000 0 und d | ||
| 100 | _aSulistya Indraty Indyah | ||
| 245 | 0 | _aPerformance of PPN and RCG clones at Wangunreja testing estate, West Java | |
| 260 | _bIn: Prosidings of the Lokakarya Nasional Pemuliaan Tanaman Karet, Medan 1992; p73-79 | ||
| 700 | _aHadi Hananto | ||
| 942 | _cJS | ||
| 999 |
_c64760 _d64760 |
||